000 00346nam a2200145Ia 4500
008 200103s9999||||xx |||||||||||||| ||und||
040 _aIMU-MPC
082 _aColumn-22
100 _aJacobson, Nathan
245 0 _aLectures in Abstract Algebra
250 _aVol. 3
260 _bD. Van Nostrand Company
_c1966
300 _axi, 323
942 _cBK
999 _c6675
_d6675